Medzinárodná vedecká konferencia "Ekonomická teória a ekonomická realita ETER 2014

Informácia o zámeroch a cieľoch medzinárodnej konferencie, ktorá sa konala v dňoch 13. a 14. novembra 2014.

Guardado en:
Detalles Bibliográficos
Autor principal: Martincová, Marta, 1955-
Formato: Capítulo de libro
Lenguaje:eslovaco
Materias:
Etiquetas: Agregar Etiqueta
Sin Etiquetas, Sea el primero en etiquetar este registro!

MARC

LEADER 00000naa a2200000 4500
001 0197020
005 20240502073325.3
041 0 |a slo 
044 |a SK 
245 1 0 |a Medzinárodná vedecká konferencia "Ekonomická teória a ekonomická realita ETER 2014  |c Marta Martincová 
520 |a Informácia o zámeroch a cieľoch medzinárodnej konferencie, ktorá sa konala v dňoch 13. a 14. novembra 2014. 
610 2 0 |a teórie ekonomické 
610 2 0 |a konferencie 
610 2 0 |a vývoj hospodársky 
610 2 0 |a ekonomika znalostná 
100 1 |a Martincová, Marta, 1955-